000 00190 a2200097 4500
020 _a071009004993
041 _aeng
100 _aCooney, Caroline B.
245 _aPrisoner of time
942 _cBK
999 _c9167
_d9167